000 00639nam a2200181Ia 4500
001 10409
003 GE_BSU
008 181216s||||||||xx |||||||||||||| ||und||
040 _cGE_BSU
245 _aРеферативный журнал. Литературоведение, №2, Серия 7 2014.
245 _bсоциалные и гуманитарные науки отечественная и зарубежная литература.
260 _aМосква
260 _c2014
300 _a217стр.22см.
653 _aЛитературоведение
653 _aРеферативный журнал
942 _cCR
999 _c43669
_d43669